[Event "Katerini op 2nd"]
[Site "Katerini"]
[Date "2025.03.24"]
[Round "6"]
[White "Nikolovski, Kiril"]
[Black "Kosmidis, Ioannis"]
[Result "1/2-1/2"]
[WhiteElo "2004"]
[BlackElo "2104"]
[PlyCount "61"]
[EventDate "2025.03.21"]
[EventType "swiss"]
[EventRounds "7"]
[EventCountry "GRE"]
[SourceTitle "CB14_2025"]
[SourceDate "2024.11.01"]
[SourceVersion "1"]
[SourceVersionDate "2024.11.01"]
[SourceQuality "1"]

1. Nf3 Nf6 2. g3 g6 3. Bg2 Bg7 4. 0-0 0-0 5. c4 c5 6. Nc3 d5 7. cxd5 Nxd5 8. Nxd5 Qxd5 9. d3 Nc6 10. a3 Qd7 11. Qc2 b6 12. Be3 Bb7 13. Rfc1 Rac8 14. Rab1 Nd4 15. Bxd4 Bxd4 16. Nxd4 Bxg2 17. Kxg2 Qxd4 18. Qc4 Qe5 19. Rc2 Rfd8 20. Qf4 Qxf4 21. gxf4 Rd4 22. Kf3 Rc6 23. Rc4 Rxc4 24. dxc4 Rd6 25. e3 Rd2 26. b4 cxb4 27. axb4 Rc2 28. c5 e6 29. Ra1 bxc5 30. bxc5 Rxc5 31. Rxa7 1/2-1/2

[Event "Skopje op-A"]
[Site "Skopje"]
[Date "2024.12.17"]
[Round "9"]
[White "Reprintsev, Alexander"]
[Black "Nikolovski, Kiril"]
[Result "0-1"]
[WhiteElo "2230"]
[BlackElo "1950"]
[PlyCount "42"]
[EventDate "2024.12.11"]
[EventType "swiss"]
[EventRounds "9"]
[EventCountry "MKD"]
[SourceTitle "CB52_2024"]
[SourceDate "2024.12.25"]
[SourceVersion "1"]
[SourceVersionDate "2024.12.25"]
[SourceQuality "1"]

1. e4 e5 2. Bc4 Nf6 3. Nc3 Nxe4 4. Qh5 Nd6 5. Bb3 Be7 6. Qxe5 0-0 7. Nf3 Nc6 8. Qf4 Na5 9. Ba4 c6 10. b4 b5 11. bxa5 bxa4 12. 0-0 Nb7 13. Re1 Bd6 14. Qxa4 Qxa5 15. Qd4 Bc5 16. Qh4 d5 17. Rb1 Nd6 18. Na4 Nf5 19. Qg4 Nd4 20. Qh4 Qxa4 21. Kh1 Qxc2 0-1

[Event "Skopje op-A"]
[Site "Skopje"]
[Date "2024.12.16"]
[Round "8"]
[White "Nikolovski, Kiril"]
[Black "Vanden Bussche, Steven"]
[Result "1-0"]
[WhiteElo "1950"]
[BlackElo "2049"]
[PlyCount "77"]
[EventDate "2024.12.11"]
[EventType "swiss"]
[EventRounds "9"]
[EventCountry "MKD"]
[SourceTitle "CB52_2024"]
[SourceDate "2024.12.25"]
[SourceVersion "1"]
[SourceVersionDate "2024.12.25"]
[SourceQuality "1"]

1. e4 c6 2. d4 d5 3. exd5 cxd5 4. Bd3 Nc6 5. c3 Qc7 6. Ne2 Bg4 7. f3 Bd7 8. Bf4 e5 9. dxe5 Nxe5 10. Bc2 Bc6 11. 0-0 Bd6 12. Nd4 Ne7 13. Nd2 0-0 14. Bg3 Bd7 15. Qe2 N7g6 16. Rfe1 Rfe8 17. Qf2 Qb6 18. N2b3 Bf8 19. Rad1 Nc4 20. Bb1 a5 21. Ne2 Qxf2+ 22. Bxf2 Bc6 23. Bxg6 hxg6 24. Rb1 Re5 25. Nbd4 Rae8 26. Bg3 R5e7 27. b3 Na3 28. Rb2 Nb5 29. Rd1 Re3 30. Rc2 Bc5 31. Rdd2 Rxc3 32. Rxc3 Rxe2 33. Rxc5 Rxd2 34. Nxb5 Rxa2 35. Nd4 a4 36. Nxc6 axb3 37. Ne7+ Kf8 38. Nxd5 Rc2 39. Rxc2 1-0

[Event "Skopje op-A"]
[Site "Skopje"]
[Date "2024.12.15"]
[Round "6"]
[White "Nikolovski, Kiril"]
[Black "Lednicky, Martin"]
[Result "1-0"]
[WhiteElo "1950"]
[BlackElo "2060"]
[PlyCount "103"]
[EventDate "2024.12.11"]
[EventType "swiss"]
[EventRounds "9"]
[EventCountry "MKD"]
[SourceTitle "CB52_2024"]
[SourceDate "2024.12.25"]
[SourceVersion "1"]
[SourceVersionDate "2024.12.25"]
[SourceQuality "1"]

1. Nf3 Nf6 2. c4 c6 3. e3 d5 4. b3 g6 5. Bb2 Bg7 6. Be2 0-0 7. 0-0 Nbd7 8. d4 Ne4 9. Nbd2 Ndf6 10. Qc2 Bf5 11. Bd3 Qd6 12. Rfd1 Bh6 13. Ne5 Rac8 14. c5 Qe6 15. Nf1 Nd7 16. Nxd7 Qxd7 17. f3 Nf6 18. Bxf5 gxf5 19. Qf2 Qe6 20. Re1 Kh8 21. Qh4 Ng8 22. e4 fxe4 23. fxe4 Qf6 24. Qh3 Rcd8 25. Re2 Qg6 26. Ng3 e6 27. Nh5 dxe4 28. d5+ e5 29. d6 f6 30. Ng3 f5 31. Rf1 f4 32. Bxe5+ Bg7 33. Bxg7+ Qxg7 34. Nxe4 Qd4+ 35. Kh1 f3 36. gxf3 Nf6 37. Ng5 Rde8 38. Ne6 Qd3 39. Qg2 Rg8 40. Qf2 Rg6 41. Nf4 Rxe2 42. Nxd3 Rxf2 43. Rxf2 Kg8 44. Rg2 Rxg2 45. Kxg2 Kf7 46. Ne5+ Ke6 47. d7 Ke7 48. f4 a5 49. Kf3 Nxd7 50. Nxd7 Kxd7 51. Ke4 Ke6 52. f5+ 1-0

[Event "Skopje op-A"]
[Site "Skopje"]
[Date "2024.12.12"]
[Round "2"]
[White "Nikolovski, Kiril"]
[Black "Stoilkovski, Jordan"]
[Result "1/2-1/2"]
[WhiteElo "1950"]
[BlackElo "1768"]
[PlyCount "33"]
[EventDate "2024.12.11"]
[EventType "swiss"]
[EventRounds "9"]
[EventCountry "MKD"]
[SourceTitle "CB52_2024"]
[SourceDate "2024.12.25"]
[SourceVersion "1"]
[SourceVersionDate "2024.12.25"]
[SourceQuality "1"]

1. e4 e6 2. d4 d5 3. Bd3 c5 4. c3 cxd4 5. cxd4 dxe4 6. Bxe4 Nf6 7. Bf3 Bb4+ 8. Nc3 0-0 9. Nge2 h6 10. 0-0 a6 11. Qb3 Nc6 12. Bxc6 Bxc3 13. Bxb7 Bxb7 14. bxc3 Rb8 15. Bf4 Bxg2 16. Qxb8 Qxb8 17. Bxb8 1/2-1/2

[Event "EU-ch Rapid"]
[Site "Skopje"]
[Date "2024.12.07"]
[Round "1"]
[White "Nikolovski, Kiril"]
[Black "Mamedov, Rauf"]
[Result "0-1"]
[WhiteElo "1950"]
[BlackElo "2656"]
[PlyCount "76"]
[EventDate "2024.12.07"]
[EventType "swiss (rapid)"]
[EventRounds "11"]
[EventCountry "MKD"]
[SourceTitle "CB50_2024"]
[SourceDate "2024.11.01"]
[SourceVersion "1"]
[SourceVersionDate "2024.11.01"]
[SourceQuality "2"]

1. Nf3 c5 2. g3 g6 3. Bg2 Bg7 4. c4 Nc6 5. Nc3 d6 6. 0-0 e5 7. d3 Nge7 8. a3 0-0 9. Rb1 a5 10. Nd5 Nxd5 11. cxd5 Ne7 12. Nd2 a4 13. b4 axb3 14. Qxb3 Nf5 15. Bb2 h5 16. e4 Nd4 17. Bxd4 exd4 18. Nc4 Ra6 19. f4 h4 20. Nb6 Bg4 21. Nc4 Bc8 22. Nb6 Re8 23. Rf2 Bg4 24. Nc4 Re7 25. Rfb2 h3 26. Bf1 Kh7 27. Qc2 Bc8 28. Rb6 f5 29. Rxa6 bxa6 30. Rb6 fxe4 31. Rxd6 Qe8 32. dxe4 Rxe4 33. Bd3 Bf5 34. Bxe4 Bxe4 35. Qd2 Qb5 36. Qe2 Qb1+ 37. Kf2 d3 38. Qxe4 Bd4+ 0-1

[Event "FRM-chT2"]
[Site "Struga"]
[Date "2024.07.13"]
[Round "9.6"]
[White "Nikolovski, Kiril"]
[Black "Cvetkovski, Slobodan"]
[Result "1/2-1/2"]
[WhiteElo "1842"]
[BlackElo "1742"]
[PlyCount "65"]
[EventDate "2024.07.07"]
[EventType "team-tourn"]
[EventRounds "9"]
[EventCountry "MKD"]
[SourceTitle "EXT 2025"]
[Source "ChessBase"]
[SourceDate "2024.10.14"]
[SourceVersion "1"]
[SourceVersionDate "2024.10.14"]
[SourceQuality "1"]

1. Nf3 Nf6 2. c4 e6 3. g3 d5 4. Bg2 Be7 5. 0-0 0-0 6. cxd5 exd5 7. d4 c6 8. Nc3 Re8 9. Qd3 Nbd7 10. Bg5 Ne4 11. Bxe7 Qxe7 12. e3 Ndf6 13. a3 Bg4 14. Ne5 Bf5 15. Qe2 Nd6 16. Rfe1 Nfe4 17. Rac1 f6 18. Nd3 Nxc3 19. Rxc3 Bxd3 20. Qxd3 f5 21. f3 g6 22. Kf2 Qf6 23. Kg1 Re7 24. a4 Rae8 25. b3 g5 26. Rc2 Kg7 27. Rce2 h5 28. h3 Qg6 29. Kh2 g4 30. h4 gxf3 31. Bxf3 Ne4 32. Rg2 Nf6 33. Rf2 1/2-1/2

[Event "FRM-ch U16"]
[Site "Strumica"]
[Date "2024.06.26"]
[Round "5"]
[White "Nikolovski, Kiril"]
[Black "Naskov, Malachi"]
[Result "1-0"]
[WhiteElo "1842"]
[BlackElo "1628"]
[PlyCount "95"]
[EventDate "2024.06.23"]
[EventType "swiss"]
[EventRounds "8"]
[EventCountry "MKD"]
[SourceTitle "EXT 2025"]
[Source "ChessBase"]
[SourceDate "2024.10.14"]
[SourceVersion "1"]
[SourceVersionDate "2024.10.14"]
[SourceQuality "1"]

1. e4 c6 2. d4 d5 3. exd5 cxd5 4. Bd3 Nc6 5. c3 Nf6 6. Bf4 Bg4 7. Qb3 Qd7 8. Nd2 e6 9. Ngf3 Be7 10. 0-0 0-0 11. Rfe1 Rfc8 12. h3 Bh5 13. a4 Bg6 14. Bxg6 hxg6 15. Ne5 Nxe5 16. Bxe5 Ne8 17. Nf3 Nd6 18. Bxd6 Bxd6 19. g3 Qc7 20. Kg2 Qb6 21. Qc2 a5 22. h4 Rc7 23. Rh1 f5 24. h5 gxh5 25. Rxh5 g6 26. Rh6 Rh7 27. Rxg6+ Kf7 28. Rxe6 Kxe6 29. Ng5+ Kf6 30. Nxh7+ Kg6 31. Qd2 Be7 32. Rh1 Kg7 33. Ng5 Qg6 34. Rh7+ Kf6 35. Qe3 Bd6 36. Qe6+ Kxg5 37. f4+ Bxf4 38. gxf4+ Kxf4+ 39. Qxg6 Ke3 40. Qxf5 Rg8+ 41. Kf1 b5 42. Rh2 Rg1+ 43. Kxg1 b4 44. Qf2+ Ke4 45. Qe2+ Kf5 46. Qe5+ Kg6 47. Rg2+ Kh7 48. Qg7# 1-0

[Event "FRM-ch op"]
[Site "Skopje"]
[Date "2024.05.18"]
[Round "9"]
[White "Markusheski, Mihail"]
[Black "Nikolovski, Kiril"]
[Result "0-1"]
[WhiteElo "1506"]
[BlackElo "1955"]
[PlyCount "107"]
[EventDate "2024.05.11"]
[EventType "swiss"]
[EventRounds "9"]
[EventCountry "MKD"]
[SourceTitle "CBM 220 Extra"]
[Source "ChessBase"]
[SourceDate "2024.07.31"]
[SourceVersion "1"]
[SourceVersionDate "2024.07.31"]
[SourceQuality "1"]

1. Nf3 Nf6 2. d4 c5 3. c3 e6 4. Bg5 b6 5. e3 Bb7 6. Be2 Be7 7. 0-0 0-0 8. Nbd2 d5 9. Ne5 Nbd7 10. Ndf3 h6 11. Nxd7 Nxd7 12. Bxe7 Qxe7 13. Rc1 c4 14. Qa4 Qd6 15. Qa3 Qc6 16. b3 b5 17. Ne5 Nxe5 18. dxe5 a5 19. Qd6 Qxd6 20. exd6 Rfd8 21. bxc4 bxc4 22. Rb1 Bc8 23. Rb6 Ra6 24. Rfb1 Rxd6 25. Rb8 Rdc6 26. Bd1 Kh7 27. Bc2+ g6 28. e4 Rc7 29. exd5 exd5 30. R1b5 Be6 31. Rd8 a4 32. a3 Kg7 33. Bd1 Rcc6 34. Rb4 Rcb6 35. Rb8 Rxb8 36. Rxb8 Kf6 37. Kf1 Ke5 38. Ke2 d4 39. cxd4+ Kxd4 40. Kd2 Bd5 41. Rd8 Kc5 42. Kc3 Bxg2 43. Be2 Rf6 44. Bxc4 Rf3+ 45. Rd3 Rxf2 46. Re3 Bd5 47. Re5 Rf3+ 48. Bd3 Kd6 49. Re8 Bc6 50. Rd8+ Kc7 51. Rd4 Bb5 52. Kd2 Rxd3+ 53. Rxd3 Bxd3 54. Kxd3 0-1

[Event "FRM-ch op"]
[Site "Skopje"]
[Date "2024.05.13"]
[Round "4"]
[White "Nikolovski, Kiril"]
[Black "Gaberov, Toshe"]
[Result "1-0"]
[WhiteElo "1955"]
[BlackElo "1669"]
[PlyCount "86"]
[EventDate "2024.05.11"]
[EventType "swiss"]
[EventRounds "9"]
[EventCountry "MKD"]
[SourceTitle "CBM 220 Extra"]
[Source "ChessBase"]
[SourceDate "2024.07.31"]
[SourceVersion "1"]
[SourceVersionDate "2024.07.31"]
[SourceQuality "1"]

1. e4 d5 2. exd5 Qxd5 3. Nf3 Bg4 4. Be2 Nc6 5. Nc3 Qa5 6. h3 Bf5 7. d3 e5 8. 0-0 0-0-0 9. Ng5 Nh6 10. Bd2 Qc5 11. Nge4 Qd4 12. Be3 Qd7 13. Ng3 Be6 14. Nce4 Be7 15. Nc5 Bxc5 16. Bxc5 g6 17. Qd2 b6 18. Bxb6 axb6 19. Qxh6 Nd4 20. Qd2 f5 21. f4 e4 22. Rad1 Nxe2+ 23. Nxe2 Rhe8 24. d4 Bc4 25. Rfe1 Qd6 26. Qe3 Qb4 27. b3 Bxe2 28. Rxe2 Qe7 29. c4 h6 30. Red2 g5 31. Kh2 Rg8 32. d5 Qd6 33. g3 Rg7 34. Qd4 Qg6 35. Qe3 Qd6 36. Rf1 Rdg8 37. Rg2 Qd7 38. b4 Kb7 39. a3 Rg6 40. Qd4 Qa4 41. Qc3 h5 42. c5 b5 43. Qe3 Ra8 1-0

[Event "FRM-ch op"]
[Site "Skopje"]
[Date "2024.05.12"]
[Round "3"]
[White "Stefanoski, Daniel"]
[Black "Nikolovski, Kiril"]
[Result "1/2-1/2"]
[WhiteElo "1699"]
[BlackElo "1955"]
[PlyCount "70"]
[EventDate "2024.05.11"]
[EventType "swiss"]
[EventRounds "9"]
[EventCountry "MKD"]
[SourceTitle "CBM 220 Extra"]
[Source "ChessBase"]
[SourceDate "2024.07.31"]
[SourceVersion "1"]
[SourceVersionDate "2024.07.31"]
[SourceQuality "1"]

1. e4 e5 2. Nf3 Nc6 3. Bb5 a6 4. Ba4 Nge7 5. c3 g6 6. d4 exd4 7. cxd4 Bg7 8. Nc3 b5 9. Bb3 d6 10. 0-0 0-0 11. h3 Na5 12. Bc2 c5 13. Be3 Nc4 14. Bc1 Nc6 15. Ne2 cxd4 16. Rb1 Qb6 17. b3 N4a5 18. Bb2 Bb7 19. Nexd4 Nb4 20. Qd2 Nxc2 21. Qxc2 Rac8 22. Qd3 Ba8 23. Rbc1 Rfe8 24. Nd2 Nc6 25. Nxc6 Rxc6 26. Bxg7 Kxg7 27. Rc3 Rxc3 28. Qxc3+ Kg8 29. Re1 Bb7 30. e5 d5 31. Nf3 Bc8 32. Nd4 Be6 33. Nxe6 Rxe6 34. Qd2 d4 35. Re4 Qc5 1/2-1/2

[Event "FRM-ch op"]
[Site "Skopje"]
[Date "2024.05.11"]
[Round "1"]
[White "Loshkov, Konstantin"]
[Black "Nikolovski, Kiril"]
[Result "0-1"]
[WhiteElo "1573"]
[BlackElo "1955"]
[PlyCount "80"]
[EventDate "2024.05.11"]
[EventType "swiss"]
[EventRounds "9"]
[EventCountry "MKD"]
[SourceTitle "CBM 220 Extra"]
[Source "ChessBase"]
[SourceDate "2024.07.31"]
[SourceVersion "1"]
[SourceVersionDate "2024.07.31"]
[SourceQuality "1"]

1. d4 c5 2. d5 Nf6 3. c4 b5 4. b3 g6 5. Nd2 Bg7 6. Rb1 0-0 7. e4 d6 8. Ngf3 bxc4 9. bxc4 Qa5 10. Qc2 Na6 11. Rb5 Qd8 12. a3 Bd7 13. Rb1 Qa5 14. Be2 Ba4 15. Qd3 Rab8 16. 0-0 Rxb1 17. Nxb1 Rb8 18. Bd2 Qc7 19. Nc3 Bd7 20. Nb5 Qb7 21. Rb1 Nc7 22. Ba5 Nxb5 23. cxb5 Nxe4 24. Nd2 Nxd2 25. Qxd2 Bf5 26. Rd1 Bd4 27. a4 Qxd5 28. Bc3 e5 29. h4 Qb3 30. Bxd4 exd4 31. Qg5 d3 32. Bf3 c4 33. h5 Qc3 34. h6 Qe5 35. Kf1 Re8 36. Kg1 c3 37. g4 c2 38. Rf1 Be4 39. Qxe5 Rxe5 40. Re1 Bxf3 0-1

[Event "Skopje op-A"]
[Site "Skopje"]
[Date "2023.12.10"]
[Round "7"]
[White "Nikolovski, Kiril"]
[Black "Andonov, Todor"]
[Result "1/2-1/2"]
[WhiteElo "1740"]
[BlackElo "2191"]
[PlyCount "41"]
[EventDate "2023.12.06"]
[EventType "swiss"]
[EventRounds "9"]
[EventCountry "MKD"]
[SourceTitle "CBM 217 Extra"]
[Source "ChessBase"]
[SourceDate "2024.01.31"]
[SourceVersion "1"]
[SourceVersionDate "2024.01.31"]
[SourceQuality "1"]

1. Nf3 Nf6 2. g3 g6 3. Bg2 Bg7 4. 0-0 0-0 5. c4 d6 6. Nc3 e5 7. d3 Nc6 8. Rb1 a5 9. a3 h6 10. b4 axb4 11. axb4 Nd4 12. Nxd4 exd4 13. Nd5 c6 14. Nxf6+ Qxf6 15. Bb2 Qe7 16. Re1 Bg4 17. h3 Be6 18. Qd2 Kh7 19. Ra1 Qg5 20. Qxg5 hxg5 21. Rf1 1/2-1/2

[Event "Skopje op-A"]
[Site "Skopje"]
[Date "2023.12.08"]
[Round "3"]
[White "Nikolovski, Kiril"]
[Black "Unsal, Gorkem"]
[Result "0-1"]
[WhiteElo "1740"]
[BlackElo "1916"]
[PlyCount "54"]
[EventDate "2023.12.06"]
[EventType "swiss"]
[EventRounds "9"]
[EventCountry "MKD"]
[SourceTitle "CBM 217 Extra"]
[Source "ChessBase"]
[SourceDate "2024.01.31"]
[SourceVersion "1"]
[SourceVersionDate "2024.01.31"]
[SourceQuality "1"]

1. e4 c5 2. Nf3 Nc6 3. Bb5 g6 4. 0-0 Bg7 5. Re1 Nf6 6. c3 0-0 7. d4 cxd4 8. cxd4 d5 9. e5 Ne4 10. Nbd2 Bf5 11. Bxc6 bxc6 12. Nh4 c5 13. Nxf5 gxf5 14. f3 Nxd2 15. Qxd2 Qb6 16. Qd3 c4 17. Qc3 Rfb8 18. Rb1 a5 19. Be3 a4 20. Qc2 e6 21. Red1 Bxe5 22. Qf2 f4 23. Bc1 c3 24. b3 Rc8 25. Rd3 c2 26. Rb2 Bxd4 27. Rxd4 a3 0-1

[Event "FRM-ch U14"]
[Site "Struga"]
[Date "2023.06.23"]
[Round "9"]
[White "Nikolovski, Kiril"]
[Black "Spasov, Igor Aleksandar"]
[Result "1/2-1/2"]
[WhiteElo "1650"]
[BlackElo "1368"]
[PlyCount "23"]
[EventDate "2023.06.17"]
[EventType "swiss"]
[EventRounds "9"]
[EventCountry "MKD"]
[SourceTitle "EXT 2024"]
[Source "ChessBase"]
[SourceDate "2023.10.10"]
[SourceVersion "1"]
[SourceVersionDate "2023.10.10"]
[SourceQuality "1"]

1. e4 c6 2. d4 d5 3. exd5 cxd5 4. Bd3 Nc6 5. c3 Nf6 6. Bf4 Bg4 7. Qb3 Qc8 8. Nd2 e6 9. Ngf3 Be7 10. 0-0 0-0 11. Rfe1 Bh5 12. Ne5 1/2-1/2

[Event "FRM-ch U14"]
[Site "Struga"]
[Date "2023.06.22"]
[Round "8"]
[White "Radonjanin, Nikola"]
[Black "Nikolovski, Kiril"]
[Result "1/2-1/2"]
[WhiteElo "1322"]
[BlackElo "1650"]
[PlyCount "51"]
[EventDate "2023.06.17"]
[EventType "swiss"]
[EventRounds "9"]
[EventCountry "MKD"]
[SourceTitle "EXT 2024"]
[Source "ChessBase"]
[SourceDate "2023.10.10"]
[SourceVersion "1"]
[SourceVersionDate "2023.10.10"]
[SourceQuality "1"]

1. e4 e5 2. Nf3 Nc6 3. Nc3 Nf6 4. Bb5 Bb4 5. 0-0 0-0 6. d3 Bxc3 7. bxc3 d6 8. Bxc6 bxc6 9. Bg5 Qe7 10. Re1 h6 11. Bxf6 Qxf6 12. h3 Qg6 13. Kh1 f5 14. Nh4 Qg5 15. Nxf5 Bxf5 16. exf5 Rxf5 17. Re2 Raf8 18. Qg1 Qh4 19. f3 Qa4 20. Qb1 Qa5 21. Qb3+ Kh7 22. Rae1 Rf4 23. c4 Qb6 24. Re4 Qf2 25. R1e2 Qg3 26. Rxf4 1/2-1/2

[Event "FRM-ch U14"]
[Site "Struga"]
[Date "2023.06.18"]
[Round "2"]
[White "Naskov, Malachi"]
[Black "Nikolovski, Kiril"]
[Result "0-1"]
[WhiteElo "1219"]
[BlackElo "1650"]
[PlyCount "101"]
[EventDate "2023.06.17"]
[EventType "swiss"]
[EventRounds "9"]
[EventCountry "MKD"]
[SourceTitle "EXT 2024"]
[Source "ChessBase"]
[SourceDate "2023.10.10"]
[SourceVersion "1"]
[SourceVersionDate "2023.10.10"]
[SourceQuality "1"]

1. e4 d5 2. exd5 Nf6 3. Nf3 Nxd5 4. Bc4 Bg4 5. h3 Bh5 6. d3 Nc6 7. Be3 e6 8. Nbd2 Be7 9. g4 Nxe3 10. fxe3 Bh4+ 11. Ke2 Bg6 12. Bb5 Bf6 13. Nc4 Qd5 14. Bxc6+ Qxc6 15. Rb1 0-0-0 16. Qd2 e5 17. Rhg1 e4 18. Nfe5 Bxe5 19. Nxe5 Qb5 20. Nxg6 hxg6 21. b3 Rhe8 22. a4 exd3+ 23. cxd3 Qg5 24. Ra1 Qd5 25. Kf2 Qxd3 26. Qxd3 Rxd3 27. Rge1 a5 28. Ra2 Re4 29. Kf3 Rb4 30. Rc1 Rbxb3 31. Re2 Ra3 32. Rc4 Rdb3 33. Rf4 f6 34. Re4 Kd7 35. Rd2+ Rd3 36. Rb2 Rab3 37. Rc2 f5 38. gxf5 gxf5 39. Re5 b6 40. Rg2 Kd6 41. Re8 c5 42. Rxg7 c4 43. Rf7 Kc5 44. Rxf5+ Kb4 45. Re4 Ka3 46. h4 c3 47. Rc4 Rb4 48. Rc6 Rxa4 49. Rxb6 Rc4 50. Rb1 c2 51. Rxa5+ 0-1

[Event "Skopje op"]
[Site "Skopje"]
[Date "2022.10.24"]
[Round "6"]
[White "Velikov, Nikola"]
[Black "Nikolovski, Kiril"]
[Result "1-0"]
[WhiteElo "1903"]
[BlackElo "1509"]
[PlyCount "133"]
[EventDate "2022.10.21"]
[EventType "swiss"]
[EventRounds "9"]
[EventCountry "MKD"]
[SourceTitle "EXT 2024"]
[Source "ChessBase"]
[SourceDate "2023.10.10"]
[SourceVersion "1"]
[SourceVersionDate "2023.10.10"]
[SourceQuality "1"]

1. c4 e5 2. Nc3 Nc6 3. Nf3 f5 4. g3 Nf6 5. d4 e4 6. Nh4 d6 7. Ng2 Be7 8. h4 Nd7 9. Nf4 Nb6 10. e3 Bf6 11. Be2 g6 12. Ncd5 Bg7 13. Nxb6 axb6 14. h5 Qf6 15. hxg6 hxg6 16. Rxh8+ Bxh8 17. Nxg6 Bd7 18. Nxh8 0-0-0 19. Bd2 Rxh8 20. Qc2 Rh1+ 21. Bf1 Qh6 22. 0-0-0 Rh2 23. Bc3 Qh5 24. Be2 Qf7 25. Be1 Ne7 26. Kb1 Kb8 27. c5 Be6 28. b3 Nc8 29. c6 Na7 30. cxb7 Kxb7 31. Rc1 c6 32. Qc3 Bd5 33. Qb4 Qc7 34. Qa4 Kb8 35. Qb4 Rh6 36. Bc4 Bxc4 37. Qxc4 d5 38. Qb4 Rh8 39. a4 Ka8 40. Kb2 Rb8 41. Rc2 Nc8 42. Qb5 Kb7 43. a5 Na7 44. a6+ Kc8 45. Qb4 Qd7 46. Qf8+ Kc7 47. Qf6 Nb5 48. Bb4 Ra8 49. Qe5+ Nd6 50. Qxd5 Rxa6 51. Qe5 Ra8 52. Rc1 Rd8 53. Rh1 Kb7 54. Bxd6 Qxd6 55. Qxd6 Rxd6 56. Rh7+ Ka6 57. Rf7 Rd5 58. g4 fxg4 59. Rf4 Rg5 60. Rxe4 Kb5 61. Kc3 c5 62. d5 Rxd5 63. Rxg4 Kc6 64. Rg6+ Kc7 65. f4 b5 66. Re6 Kd7 67. Rb6 1-0

[Event "Struga Lake Queen U18 op"]
[Site "Struga"]
[Date "2022.09.08"]
[Round "2"]
[White "Dafa, Sirio"]
[Black "Nikolovski, Kiril"]
[Result "1/2-1/2"]
[WhiteElo "1644"]
[BlackElo "1497"]
[PlyCount "96"]
[EventDate "2022.09.07"]
[EventType "swiss"]
[EventRounds "7"]
[EventCountry "MKD"]
[SourceTitle "EXT 2023"]
[Source "ChessBase"]
[SourceDate "2022.10.05"]
[SourceVersion "1"]
[SourceVersionDate "2022.10.05"]
[SourceQuality "1"]

1. e4 e5 2. Nf3 Nc6 3. Bc4 Bc5 4. c3 Nf6 5. d3 d6 6. 0-0 Be6 7. Bxe6 fxe6 8. b4 Bb6 9. a4 a5 10. b5 Ne7 11. Qb3 Qd7 12. Na3 0-0-0 13. Nc4 Kb8 14. Nxb6 cxb6 15. Ng5 Ng6 16. Qxe6 Qxe6 17. Nxe6 Rd7 18. f4 Re8 19. f5 Nf8 20. Nxf8 Rxf8 21. Bg5 d5 22. Bxf6 gxf6 23. Rf3 Rc8 24. Rg3 Rxc3 25. Rg8+ Rc8 26. Rxc8+ Kxc8 27. Kf2 dxe4 28. dxe4 Rd4 29. Ke3 Kd7 30. g4 Rb4 31. Ra3 Ke7 32. h4 h6 33. Kf3 Kd7 34. g5 fxg5 35. hxg5 hxg5 36. Kg4 Rxe4+ 37. Kxg5 Re1 38. Kf6 e4 39. Kf7 Rf1 40. f6 Rf3 41. Ra1 Kd6 42. Rg1 e3 43. Re1 Kc5 44. Ke7 Kb4 45. Ra1 e2 46. f7 Re3+ 47. Kd7 Rf3 48. Ke7 Rf1 1/2-1/2

[Event "FRM-ch U14"]
[Site "Struga"]
[Date "2022.06.21"]
[Round "4"]
[White "Kalin, Andrei"]
[Black "Nikolovski, Kiril"]
[Result "1/2-1/2"]
[WhiteElo "1707"]
[BlackElo "1404"]
[PlyCount "42"]
[EventDate "2022.06.18"]
[EventType "swiss"]
[EventRounds "8"]
[EventCountry "MKD"]
[SourceTitle "EXT 2023"]
[Source "ChessBase"]
[SourceDate "2022.10.05"]
[SourceVersion "1"]
[SourceVersionDate "2022.10.05"]
[SourceQuality "1"]

1. e4 e5 2. Nf3 Nc6 3. Bc4 Bc5 4. d3 d6 5. c3 Nf6 6. 0-0 Be6 7. Bxe6 fxe6 8. Nbd2 Qd7 9. a4 a5 10. Re1 0-0 11. h3 Ne7 12. Nf1 Ng6 13. g3 c6 14. N1h2 Ba7 15. Kg2 Rae8 16. Be3 Bxe3 17. Rxe3 d5 18. Re1 Qc7 19. Qb3 Kh8 20. Rad1 h6 21. Rc1 Rd8 1/2-1/2

[Event "FRM-ch op"]
[Site "Skopje"]
[Date "2022.04.30"]
[Round "3"]
[White "Nikolovski, Kiril"]
[Black "Eftovski, Mateo"]
[Result "1/2-1/2"]
[WhiteElo "1237"]
[BlackElo "1940"]
[PlyCount "133"]
[EventDate "2022.04.29"]
[EventType "swiss"]
[EventRounds "9"]
[EventCountry "MKD"]
[SourceTitle "CBM 208 Extra"]
[Source "ChessBase"]
[SourceDate "2022.07.31"]
[SourceVersion "1"]
[SourceVersionDate "2022.07.31"]
[SourceQuality "1"]

1. e4 e5 2. Nf3 Nc6 3. Bc4 Bc5 4. c3 Nf6 5. d4 exd4 6. e5 d5 7. Bb5 Ne4 8. cxd4 Bb6 9. Nc3 0-0 10. Be3 Bg4 11. Bxc6 bxc6 12. Qa4 Bd7 13. Qc2 Bf5 14. Qa4 Qe8 15. Nh4 Nxc3 16. bxc3 Bd3 17. Kd2 Bc4 18. f4 f6 19. Qd1 fxe5 20. fxe5 Qc8 21. g4 Ba5 22. Nf5 Kh8 23. Kc2 Rb8 24. Qd2 Qa6 25. Rab1 Rxb1 26. Rxb1 Bxa2 27. Rb2 Qc4 28. Qd3 Qa4+ 29. Kd2 Qa3 30. Qc2 Bc4 31. Bg5 Re8 32. Ne3 Bb5 33. Nxd5 Rf8 34. Nf4 Kg8 35. e6 Qd6 36. Qe4 Bc4 37. e7 Re8 38. Rb8 Bf7 39. Rxe8+ Bxe8 40. Qe6+ Qxe6 41. Nxe6 Kf7 42. Nc5 h6 43. Bh4 g5 44. Bg3 Kxe7 45. Be5 Kf7 46. Na6 Bd7 47. h3 Bc8 48. Nc5 Kg6 49. Ne4 h5 50. gxh5+ Kxh5 51. Bf6 Bxh3 52. Nxg5 Bg2 53. Ne6 Kg6 54. Be5 Kf5 55. Nc5 Bb6 56. Na4 Ba5 57. Nc5 Bf1 58. Kc2 Bc4 59. Kd2 Kg4 60. Ne4 Kf5 61. Nc5 Kg4 62. Ne4 Kf3 63. Nc5 Bb6 64. Na4 Ba5 65. Nc5 Kg4 66. Nd7 Kf5 67. Nc5 1/2-1/2

[Event "FRM-ch op"]
[Site "Skopje"]
[Date "2022.04.30"]
[Round "2"]
[White "Trajkovski, Mile"]
[Black "Nikolovski, Kiril"]
[Result "1/2-1/2"]
[WhiteElo "1996"]
[BlackElo "1237"]
[PlyCount "87"]
[EventDate "2022.04.29"]
[EventType "swiss"]
[EventRounds "9"]
[EventCountry "MKD"]
[SourceTitle "CBM 208 Extra"]
[Source "ChessBase"]
[SourceDate "2022.07.31"]
[SourceVersion "1"]
[SourceVersionDate "2022.07.31"]
[SourceQuality "1"]

1. e4 e5 2. d4 exd4 3. c3 d5 4. exd5 Qxd5 5. cxd4 Bb4+ 6. Nc3 Nc6 7. Nf3 Bg4 8. Be2 0-0-0 9. 0-0 Qf5 10. Nh4 Bxe2 11. Qxe2 Qe6 12. a3 Qxe2 13. Nxe2 Be7 14. Nf3 Bf6 15. Bg5 h6 16. Bxf6 Nxf6 17. Rac1 Rhe8 18. Rc2 Nd5 19. b4 a6 20. Rfc1 Re7 21. Kf1 Nb6 22. h4 g6 23. h5 g5 24. Ng3 Rd5 25. Rc5 Re6 26. Rxd5 Nxd5 27. Rc5 Nce7 28. Ne5 b6 29. Rc1 f6 30. Nf7 f5 31. Re1 Rf6 32. Ne5 Kd8 33. Rc1 Ke8 34. Ne2 Rd6 35. f3 Kf8 36. Kf2 Kg7 37. g4 f4 38. a4 Kf6 39. b5 a5 40. Nc4 Rd7 41. Nd2 Kg7 42. Ne4 Nb4 43. Rc3 Ned5 44. Rb3 1/2-1/2